UK Ambulance Services:Clinical practice guidelines: (Record no. 865)

MARC details
000 -LEADER
fixed length control field 00581nam a22001817a 4500
005 - DATE AND TIME OF LATEST TRANSACTION
control field 20231123072621.0
008 - FIXED-LENGTH DATA ELEMENTS--GENERAL INFORMATION
fixed length control field 231123b |||||||| |||| 00| 0 eng d
020 ## - INTERNATIONAL STANDARD BOOK NUMBER
International Standard Book Number 9781859595985 (pbk)
040 ## - CATALOGING SOURCE
Original cataloging agency KMU
Transcribing agency KMU
Modifying agency KMU
Description conventions rda
050 ## - LIBRARY OF CONGRESS CALL NUMBER
Classification number RC 86.8
110 ## - MAIN ENTRY--CORPORATE NAME
Corporate name or jurisdiction name as entry element Association of Ambulance
Subordinate unit Chief Executives
245 ## - TITLE STATEMENT
Title UK Ambulance Services:Clinical practice guidelines:
Remainder of title 2016 Pocket book
260 ## - PUBLICATION, DISTRIBUTION, ETC.
Place of publication, distribution, etc. United Kingdom:
Name of publisher, distributor, etc. Class professional publishing,
Date of publication, distribution, etc. 2016.
300 ## - PHYSICAL DESCRIPTION
Extent 337 p.:
Other physical details ill.;
Dimensions 8cm
650 ## - SUBJECT ADDED ENTRY--TOPICAL TERM
Source of heading or term oclc
Topical term or geographic name entry element Ambulance
650 ## - SUBJECT ADDED ENTRY--TOPICAL TERM
Source of heading or term oclc
Topical term or geographic name entry element Clinical services
942 ## - ADDED ENTRY ELEMENTS (KOHA)
Source of classification or shelving scheme Library of Congress Classification
Koha item type Non-Fiction
Suppress in OPAC No
Holdings
Withdrawn status Lost status Source of classification or shelving scheme Damaged status Not for loan Collection Home library Current library Shelving location Date acquired Source of acquisition Total Checkouts Full call number Barcode Date last seen Date last checked out Price effective from Koha item type
    Library of Congress Classification     Non-fiction Kapasa Makasa University Kapasa Makasa University Open Access 23.11.2023 ZLS 1 RC 86.8 UK 749259 08.01.2024 23.11.2023 23.11.2023 Non-Fiction
    Library of Congress Classification     Non-fiction Kapasa Makasa University Kapasa Makasa University Open Access 26.11.2024     RC 86.8 UK 749260 26.11.2024   26.11.2024 Non-Fiction
    Library of Congress Classification     Non-fiction Kapasa Makasa University Kapasa Makasa University Open Access 26.11.2024     RC 86.8 UK 749258 26.11.2024   26.11.2024 Non-Fiction
    Library of Congress Classification     Non-fiction Kapasa Makasa University Kapasa Makasa University Open Access 26.11.2024     RC 86.8 UK 749257 26.11.2024   26.11.2024 Non-Fiction